[Event "16th Voronezh Master Open"]
[Site "Voronezh RUS"]
[Date "2012.06.16"]
[Round "5.10"]
[White "Zakhartsov,Vi"]
[Black "Baryshpolets,A"]
[Result "0-1"]
[WhiteElo "2562"]
[BlackElo "2487"]

1.d4 Nf6 2.c4 g6 3.Nc3 Bg7 4.e4 d6 5.Nf3 O-O 6.Be2 e5 7.d5 a5 8.h3 Na6 9.Bg5 Qe8
10.Nd2 Kh8 11.h4 h6 12.Be3 Ng8 13.g4 f5 14.gxf5 gxf5 15.exf5 Bxf5 16.Nde4 Nf6
17.Nxf6 Rxf6 18.Bd3 e4 19.Be2 Nc5 20.Qd2 a4 21.Nb5 Nd3+ 22.Bxd3 exd3 23.O-O-O a3
24.Bd4 axb2+ 25.Qxb2 d2+ 26.Rxd2 Ra4 27.Rc2 Qe4 28.Rg1 Qf4+ 29.Be3 Rg6 30.Rxg6 Bxb2+
31.Kxb2 Bxc2 32.Bxf4 Bxg6 33.Kb3 Bc2+ 34.Kc3 Bd1 35.Kd3 Rxa2 36.Nc3 Rxf2
37.Bxh6 Bc2+ 38.Ke3 Rh2 39.Bg5 Rh3+ 40.Kd2 Bb3 41.Nb5 Bxc4 42.Nxc7 Kg8 43.Ne8 Kf8
44.Nxd6 Bxd5 45.Nc4 Kf7 46.Ne3 Ke6 47.Kc3 Kd6 48.Kd4 Be6 49.Bf4+ Kc6 50.Bg5 Rh1
51.Ke5 Bd7 52.Be7 Bc8 53.Kd4 Kb5 54.Nd5 Bd7  0-1

[Event "3rd Forni di Sopra Open"]
[Site "Forni di Sopra ITA"]
[Date "2012.06.17"]
[Round "2"]
[White "Lalith,B"]
[Black "Boscolo,F"]
[Result "1/2-1/2"]
[WhiteElo "2529"]
[BlackElo "2300"]

1.Nf3 Nf6 2.c4 g6 3.d4 Bg7 4.Nc3 O-O 5.e4 d6 6.Be2 e5 7.O-O exd4 8.Nxd4 Re8
9.f3 c6 10.Nb3 Na6 11.Bf4 d5 12.cxd5 cxd5 13.Bb5 Qb6+ 14.Kh1 Rd8 15.Qe2 dxe4
16.fxe4 Bg4 17.Qe1 Be6 18.Bg5 Ng4 19.Bxa6 bxa6 20.Bxd8 Rxd8 21.Nd5 Bxd5 22.exd5 Ne3
23.Rf2 f5 24.Rc1 Rxd5 25.Rf3 Re5 26.Qd2 h5 27.h3 Kh7 28.Qd7 Nd5 29.Rff1 Nf6
30.Qc6 Ne4 31.Qxb6 Ng3+ 32.Kg1 axb6 33.Rc7 Nxf1 34.Kxf1 Kh6 35.Nd2 Ra5 36.a3 Bxb2
37.Nc4 Rb5 38.Nd6 Rc5 39.Rb7 Bxa3 40.Nf7+ Kg7 41.Ne5+ Kf6 42.Nd7+ Kg5 43.Rxb6 Rd5
44.Rxa6 Rxd7 45.Rxa3 Rd2 46.Ra6 h4 47.Rb6 Kh5 48.Rf6 Rc2 49.Ra6 Rd2 50.Rb6 g5
51.Rf6 Rd5 52.Kf2 g4 53.hxg4+ fxg4 54.Kg1 Kg5 55.Rf8 Rd1+ 56.Rf1 Rxf1+ 57.Kxf1 Kf4
58.Ke2 Ke4 59.Kf2 Kd3 60.Kf1 Ke3 61.Ke1 g3 62.Kf1 Kd2 63.Kg1 Ke2 64.Kh1 h3
65.Kg1 h2+ 66.Kh1  1/2-1/2

[Event "5th Karen Asrian Memorial"]
[Site "Jermuk ARM"]
[Date "2012.06.17"]
[Round "2.3"]
[White "Arutinian,D"]
[Black "Hayrapetian,A"]
[Result "1/2-1/2"]
[WhiteElo "2561"]
[BlackElo "2372"]

1.d4 Nf6 2.c4 g6 3.Nc3 Bg7 4.e4 O-O 5.Nf3 d6 6.Be2 e5 7.O-O exd4 8.Nxd4 Re8
9.f3 Nc6 10.Be3 Nh5 11.Qd2 Nf4 12.Rfd1 Bxd4 13.Bxd4 Nxd4 14.Qxf4 Nxe2+ 15.Nxe2 b6
16.Nc3 Bb7 17.Rac1 Re5 18.Nd5 Kg7 19.Rc3 f6 20.h3 Rc8 21.Rc2 Qf8 22.Qd2 Qf7
23.Qc3 Rce8 24.Rf1 Bxd5 25.cxd5 R8e7 26.Qd4 Kg8 27.Rc4  1/2-1/2

[Event "5th Karen Asrian Memorial"]
[Site "Jermuk ARM"]
[Date "2012.06.17"]
[Round "2.9"]
[White "Poghosyan,S"]
[Black "Harutjunyan,G"]
[Result "1-0"]
[WhiteElo "2306"]
[BlackElo "2460"]

1.d4 Nf6 2.c4 g6 3.Nc3 Bg7 4.e4 d6 5.Be2 O-O 6.Nf3 Nbd7 7.O-O e5 8.Be3 exd4
9.Nxd4 Re8 10.f3 c6 11.Qd2 a6 12.Rfd1 Ne5 13.Rac1 Bd7 14.Nb3 Be6 15.Na4 b5
16.Nb6 bxc4 17.Nd4 Bd7 18.Nxa8 Qxa8 19.Bxc4 d5 20.exd5 Nxc4 21.Rxc4 Nxd5
22.Bf2 Bf8 23.Rdc1 Rd8 24.Bh4 Re8 25.Nxc6 Nb6 26.R4c3 Be6 27.Nd4 Bb4 28.Nxe6 Rxe6
29.Rc8+ Nxc8 30.Qd8+ Kg7 31.Qd4+ Kg8 32.Qxb4 Nd6 33.Rd1 Qc6 34.Bf2 Nf5 35.h4 h5
36.Rd8+ Re8 37.Qc3 Qe6 38.Rxe8+ Qxe8 39.Qc4 Qa8 40.a4 Qb7 41.b4 Nd6 42.Qc5 Nf5
43.b5 axb5 44.axb5 Qa8 45.Qe5 Kh7 46.b6 Qa2 47.Qc7 Qb1+ 48.Kh2 Qa2 49.Qc5 Qb2
50.Bg3 Nd4 51.Qd5 Nc2 52.Be5  1-0

[Event "65th ch-RUS HL"]
[Site "Tyumen RUS"]
[Date "2012.06.17"]
[Round "2"]
[White "Prizant,Ja"]
[Black "Temirkanov,D"]
[Result "1-0"]
[WhiteElo "2524"]
[BlackElo "2334"]

1.d4 Nf6 2.c4 g6 3.Nc3 Bg7 4.e4 O-O 5.Nf3 d6 6.Be2 e5 7.d5 Nbd7 8.O-O Nc5
9.Qc2 a5 10.Bg5 h6 11.Be3 Nh5 12.g3 f5 13.Nh4 Nf4 14.Bxf4 exf4 15.Nxg6 Rf7
16.Nxf4 fxe4 17.Ne6 Nxe6 18.dxe6 Bxe6 19.Qxe4 Bf5 20.Qe3 Qf6 21.Bh5 Rff8
22.Rad1 a4 23.Nd5 Qe5 24.Qxe5 Bxe5 25.Rd2 a3 26.b3 c6 27.Ne7+ Kg7 28.Nxf5+ Rxf5
29.Bg4 Rf6 30.Rfd1 Rd8 31.Rd3 Kg6 32.Re1 Rdf8 33.f4 Bb2 34.Re7 R8f7 35.Rxf7 Kxf7
36.Bc8 b6 37.Bb7 c5 38.Rd2 Bc3 39.Re2 Kf8 40.Bd5 Bb2 41.Kg2 Bc1 42.Kf3 Bb2
43.Re4 Bc1 44.g4 Kg7 45.h4 Kf8 46.g5  1-0

[Event "65th ch-RUS HL"]
[Site "Tyumen RUS"]
[Date "2012.06.17"]
[Round "2"]
[White "Shimanov,A"]
[Black "Yuffa,D"]
[Result "1-0"]
[WhiteElo "2600"]
[BlackElo "2345"]

1.d4 Nf6 2.Nf3 g6 3.c4 Bg7 4.Nc3 O-O 5.e4 d6 6.Be2 e5 7.O-O exd4 8.Nxd4 Re8
9.f3 c6 10.Kh1 d5 11.exd5 cxd5 12.Bg5 h6 13.Bxf6 Qxf6 14.Ndb5 Na6 15.cxd5 Bf5
16.Bd3 Rad8 17.Bxf5 Qxf5 18.Qa4 Be5 19.Rad1 Bb8 20.d6 Nc5 21.Qc4 b6 22.b4 Nb7
23.Ne4 Qe6 24.Qc3  1-0

[Event "3rd Forni di Sopra Open"]
[Site "Forni di Sopra ITA"]
[Date "2012.06.18"]
[Round "3.23"]
[White "Kragelj,I"]
[Black "Callier,C"]
[Result "0-1"]
[WhiteElo "2203"]
[BlackElo "2034"]

1.d4 Nf6 2.c4 g6 3.Nc3 Bg7 4.e4 d6 5.Nf3 O-O 6.Be2 e5 7.Be3 Ng4 8.Bg5 f6
9.Bc1 Nc6 10.d5 Nd4 11.Nxd4 exd4 12.Nb5 f5 13.exf5 Nxf2 14.Kxf2 Bxf5 15.Bf3 a6
16.Na3 d3 17.Re1 Bd4+ 18.Be3 Qh4+ 19.Kg1 Bxb2 20.Qb3 Be5 21.g3 Bxg3 22.hxg3 Qxg3+
23.Bg2 Bh3 24.Qb2 Rae8 25.Qd2 Re4  0-1

[Event "Paleros Open"]
[Site "Paleros GRE"]
[Date "2012.06.18"]
[Round "4"]
[White "Dragomirescu,C"]
[Black "Kouis,Marios"]
[Result "1-0"]
[WhiteElo "2185"]
[BlackElo "1801"]

1.d4 Nf6 2.c4 g6 3.Nc3 Bg7 4.e4 d6 5.Nf3 O-O 6.Be2 e5 7.Be3 Nbd7 8.O-O c6
9.d5 c5 10.Nd2 Ne8 11.a3 f5 12.f3 f4 13.Bf2 Nef6 14.b4 b6 15.Nb5 Qe7 16.Nc7 Rb8
17.Ne6 Rf7 18.Qa4 Nf8 19.bxc5 Bxe6 20.dxe6 Nxe6 21.cxb6 axb6 22.Rab1 Nc5
23.Qb4 Qe8 24.Rfd1 Ra7 25.Nb3 Ra4 26.Qd2 Rxa3 27.Nxc5 dxc5 28.Qd6 Raa8 29.Bh4 g5
30.Bxg5 Qg6 31.Bh4 Ne8 32.Qxg6 hxg6 33.Rd7 Ra2 34.Bf1 Bf8 35.Rbd1 Ng7 36.g3 Ne6
37.Bh3 Nd4 38.R1xd4  1-0

[Event "16th Voronezh Master Open"]
[Site "Voronezh RUS"]
[Date "2012.06.18"]
[Round "6.18"]
[White "Sharafiev,A"]
[Black "Onischuk,V"]
[Result "0-1"]
[WhiteElo "2410"]
[BlackElo "2516"]

1.d4 Nf6 2.c4 g6 3.Nc3 Bg7 4.e4 d6 5.Be2 O-O 6.Nf3 Nbd7 7.O-O e5 8.Be3 Qe7
9.d5 c5 10.dxc6 bxc6 11.b4 Bb7 12.Rb1 Rfd8 13.Qa4 d5 14.cxd5 cxd5 15.Nxd5 Nxd5
16.exd5 Nb6 17.Qa5 Nxd5 18.Bg5 f6 19.Bd2 e4 20.Nd4 e3 21.fxe3 Nxe3 22.Rf3 Bxf3
23.Nxf3 Qe4 24.Bxe3 Qxb1+ 25.Kf2 Qe4 26.Bc5 Re8 27.Bb5 Bh6 28.Bxe8 Rxe8 29.Qxa7 Ra8
30.Qd7 Rxa2+ 31.Kg3 Ra8 32.Bd4 Bf4+ 33.Kh3 Rf8 34.b5 h5 35.Nh4 Rf7 36.Qc8+ Kg7
37.Bf2 Rc7 38.Qa6 g5  0-1

[Event "16th Voronezh Master Open"]
[Site "Voronezh RUS"]
[Date "2012.06.19"]
[Round "7.51"]
[White "Duong,Thanh Binh"]
[Black "Sakhvadze,G"]
[Result "0-1"]
[WhiteElo "2131"]
[BlackElo "2095"]

1.d4 Nf6 2.c4 g6 3.Nc3 Bg7 4.e4 d6 5.Nf3 O-O 6.Be2 e5 7.dxe5 dxe5 8.Qxd8 Rxd8
9.Bg5 Re8 10.Nd5 Nxd5 11.cxd5 c6 12.Bc4 a5 13.a4 cxd5 14.Bxd5 Nc6 15.Bxc6 bxc6
16.O-O-O Be6 17.Rd3 f5 18.Nd2 f4 19.f3 h6 20.Bh4 g5 21.Bf2 Red8 22.Rxd8+ Rxd8
23.Bb6 Rb8 24.Bxa5 Ra8 25.Bc3 Rxa4 26.Kc2 g4 27.Rd1 gxf3 28.gxf3 Ra7 29.Nb3 Bc4
30.Rd2 Kf7 31.Na5 Bb5 32.b3 Kg6 33.Nxc6 Rc7 34.Nb4 Kh5 35.Nd5 Ra7 36.Rg2 Bf1
37.Rf2 Bb5 38.Bb2 Kh4 39.Nc3 Rc7 40.Kd1 Ba6 41.Nd5 Rb7 42.Kc2 h5 43.Ba3 Kh3
44.Bc5 Bh8 45.Be7 Rb8 46.Nc7 Rc8 47.Bd6 Bf6 48.Kb2 Bb7 49.Rd2 Rg8 50.Nd5 Bxd5
51.Rxd5 Kxh2 52.b4 Kg3 53.Bxe5 Bxe5+ 54.Rxe5 Rh8 55.Rg5+ Kf2 56.Rc5 h4 57.b5 h3
58.Kb3 h2 59.Rc2+ Kxf3 60.Rxh2 Rxh2 61.e5 Rh5  0-1

[Event "16th Voronezh Master Open"]
[Site "Voronezh RUS"]
[Date "2012.06.19"]
[Round "7.31"]
[White "Chuprikov,D"]
[Black "Golubov,Saveliy"]
[Result "1-0"]
[WhiteElo "2386"]
[BlackElo "2094"]

1.d4 Nf6 2.c4 g6 3.Nc3 Bg7 4.e4 d6 5.Nf3 O-O 6.Be2 e5 7.Be3 Ng4 8.Bg5 f6
9.Bh4 g5 10.Bg3 Nc6 11.d5 Ne7 12.Nd2 Nh6 13.O-O Ng6 14.Re1 c5 15.dxc6 bxc6
16.c5 Be6 17.cxd6 Qxd6 18.Nc4 Qe7  1-0

[Event "16th Voronezh Master Open"]
[Site "Voronezh RUS"]
[Date "2012.06.20"]
[Round "8.23"]
[White "Demianjuk,A"]
[Black "Kalegin,E"]
[Result "1/2-1/2"]
[WhiteElo "2300"]
[BlackElo "2482"]

1.d4 Nf6 2.c4 g6 3.Nc3 Bg7 4.e4 d6 5.Nf3 O-O 6.Be2 Nbd7 7.O-O e5 8.Be3 h6
9.dxe5 dxe5 10.Qc1 Ng4 11.Bd2 Kh7 12.Rd1 c6 13.Ng5+ hxg5 14.Bxg4 Bf6 15.Be3 Qe7
16.Na4 Rd8 17.Qd2 b6 18.Qd6 Nf8 19.Qxd8 Qxd8 20.Rxd8 Bxd8 21.Bxc8 Rxc8 22.Rd1 g4
23.g3 Be7 24.h3 gxh3 25.Kh2 Kg7 26.Kxh3 Kf6 27.Kg2 Ke6 28.f4 Rd8 29.Rxd8 Bxd8
30.b3 Nd7 31.Nb2 Bc7 32.Nd3 Nf6 33.Kf3 Nxe4 34.Kxe4 f5+ 35.Kf3 e4+ 36.Ke2 exd3+
37.Kxd3 c5 38.Ke2 Bd6 39.Kf3 Be7 40.Bd2 Bf6 41.Be3  1/2-1/2

[Event "Teplice Open 2012"]
[Site "Teplice CZE"]
[Date "2012.06.22"]
[Round "7.30"]
[White "Hajek,Lu1"]
[Black "Valenta,P"]
[Result "1/2-1/2"]
[WhiteElo "2080"]
[BlackElo "1943"]

1.d4 d6 2.Nf3 Nf6 3.c4 c6 4.Nc3 g6 5.e4 Bg7 6.Be2 O-O 7.O-O e5 8.Re1 Qc7
9.Bf1 Na6 10.Rb1 Bg4 11.d5 c5 12.a3 Ne8 13.h3 Bxf3 14.Qxf3 f5 15.Qd3 f4 16.b4 b6
17.Na4 Qd7 18.Rd1 Nf6 19.bxc5 Nxc5 20.Nxc5 bxc5 21.Bd2 Rab8 22.Qc2 Qc7 23.Be2 Rxb1
24.Rxb1 Rb8 25.Bd1 Bf8 26.Kf1 Be7 27.Ke2 Kg7 28.Kd3 Rc8 29.Rb3 Bd8 30.Qb2  1/2-1/2

[Event "Teplice Open 2012"]
[Site "Teplice CZE"]
[Date "2012.06.22"]
[Round "7.17"]
[White "Bartos,J"]
[Black "Miturova,M"]
[Result "1-0"]
[WhiteElo "2235"]
[BlackElo "2064"]

1.d4 Nf6 2.Nf3 g6 3.c4 Bg7 4.Nc3 d6 5.e4 O-O 6.Be2 e5 7.dxe5 dxe5 8.Qxd8 Rxd8
9.Bg5 Rf8 10.Nxe5 Nxe4 11.Nxe4 Bxe5 12.O-O-O Nc6 13.Nf6+ Kg7 14.Ng4 Bxg4
15.Bxg4 h6 16.Be3 Bf6 17.b3 Ne5 18.Be2 Rfe8 19.Rhe1 a5 20.a4 Rad8 21.Rxd8 Rxd8
22.Rd1 Rxd1+ 23.Kxd1 Nc6 24.Bf3 Nd4 25.Bxb7 Nxb3 26.Kc2 Nd4+ 27.Kd3 c5 28.Ke4 Nb3
29.Kd5 Be7 30.Kc6 f5 31.Kb5 g5 32.f4 Kf6 33.Bf3 Bd6 34.fxg5+ hxg5 35.Bd1 Nd4+
36.Kxa5 f4 37.Bd2 Ke7 38.Kb6 Kd8 39.Kb7 Bc7 40.a5 Nf5 41.a6 Nd6+ 42.Kc6 Bb8
43.Ba5+  1-0

[Event "TCh-SUI National A 2012"]
[Site "Switzerland SUI"]
[Date "2012.06.24"]
[Round "5.6"]
[White "Danner,G"]
[Black "Umbach,A"]
[Result "1/2-1/2"]
[WhiteElo "2402"]
[BlackElo "2290"]

1.d4 Nf6 2.Nf3 g6 3.c4 Bg7 4.Nc3 O-O 5.e4 d6 6.Be2 e5 7.d5 a5 8.O-O Na6 9.Ne1 Nc5
10.f3 Ne8 11.Be3 f5 12.exf5 gxf5 13.Nd3 b6 14.Qd2 Kh8 15.Bh6 Rg8 16.Bxg7+ Rxg7
17.f4 Nxd3 18.Qxd3 Qf6 19.Qe3 Bd7 20.Rf2 Qh6 21.Nd1 e4 22.Qd4 Qf6 23.Qxf6 Nxf6
24.Ne3 h5 25.Kf1 h4 26.Ke1 Kg8 27.Kd2 Kf7 28.Kc3 Ke7 29.b3 Ng8 30.a3 Kf6
31.Rg1 Nh6 32.Kb2 Rgg8 33.Rc1 Nf7 34.Rc3 Nh6 35.Bd1 Rg7 36.Kc1 Rg6 37.Kd2 Rg7
38.Ke1 Rg6 39.Bh5 Rg7 40.Rb2 Rh7 41.Be2 Rhh8 42.Kf2 Nf7 43.Rc1 Nh6 44.b4 Rhb8
45.g3 axb4 46.axb4 Ra3 47.gxh4 Ng8 48.Rg1 Ne7 49.Rg3 Rba8 50.h5 Be8 51.Nc2 Ra2
52.Rgb3 b5 53.Nd4 bxc4 54.Bxc4 Bxh5 55.Rxa2 Rxa2+ 56.Kg3 Bf7 57.Rc3 Rb2 58.Nb5 Bxd5
59.Nxc7  1/2-1/2

[Event "65th ch-RUS HL"]
[Site "Tyumen RUS"]
[Date "2012.06.26"]
[Round "10"]
[White "Ganzhurov,R"]
[Black "Sergeev,Ve"]
[Result "1/2-1/2"]
[WhiteElo "2327"]
[BlackElo "2397"]

1.d4 Nf6 2.c4 g6 3.Nc3 Bg7 4.e4 d6 5.Nf3 O-O 6.Be2 e5 7.d5 a5 8.O-O Na6 9.Qc2 c6
10.dxc6 bxc6 11.Rd1 Qe7 12.h3 Ne8 13.Na4 f5 14.c5 fxe4 15.cxd6 Nxd6 16.Ng5 Nb4
17.Qc5 Nd3 18.Bxd3 exd3 19.Rxd3 Nf5 20.Qxc6 Ra6 21.Qc4+ Kh8 22.Ne4 h6 23.Nac5 Ra7
24.Be3 Nd4 25.Bxd4 exd4 26.Re1 Qc7 27.Qb3 Qc6 28.Qa4 Qd5 29.Qb3 Qc6 30.Qa4 Qd5
31.Qb3 Qc6  1/2-1/2

[Event "20th Montcada Open"]
[Site "Montcada i Reixac ESP"]
[Date "2012.06.29"]
[Round "5.16"]
[White "Vojinovic,J"]
[Black "Libiszewski,F"]
[Result "1/2-1/2"]
[WhiteElo "2375"]
[BlackElo "2495"]

1.d4 Nf6 2.c4 g6 3.Nc3 Bg7 4.e4 d6 5.Nf3 O-O 6.Be2 e5 7.O-O Nbd7 8.Qc2 c6
9.Rd1 Qe7 10.Rb1 exd4 11.Nxd4 Nc5 12.f3 a5 13.Bf1 Nh5 14.Qf2 f5 15.exf5 gxf5
16.b3 Bd7 17.Nce2 Be5 18.a3 Kh8 19.Bh6 Rg8 20.b4 axb4 21.axb4 Na4 22.Bc1 f4
23.Qe1 Raf8 24.Kh1 Qf6 25.c5 Ng3+ 26.Nxg3 fxg3 27.Ne2 Qh4 28.h3 Rxf3 29.Ng1 Rf2
30.cxd6 Re8 31.Rd3 Qf6 32.Bd2 Bf5 33.d7 Rd8 34.Bg5 Qxg5 35.Qxe5+ Qg7 36.Qe8+ Qg8
37.Qe5+ Qg7 38.Qe8+  1/2-1/2

[Event "40th TCh-GRE 2012"]
[Site "Achaea GRE"]
[Date "2012.06.30"]
[Round "1.8"]
[White "Barbageorgopoulou,F"]
[Black "Amiridou,D"]
[Result "1/2-1/2"]
[WhiteElo "1842"]
[BlackElo "1707"]

1.d4 Nf6 2.c4 g6 3.Nc3 Bg7 4.Nf3 d6 5.e4 O-O 6.Be2 e5 7.dxe5 dxe5 8.Qxd8 Rxd8
9.Bg5 Re8 10.O-O-O Ng4 11.Bh4 Be6 12.Kb1 Nc6 13.Nb5 Rac8 14.Ng5 Nf6 15.Nxe6 Rxe6
16.Bxf6 Rxf6 17.Bg4 Rf8 18.f3 Nd4 19.Nxc7 Rc6 20.Nd5 Rxc4 21.Rc1 Rxc1+ 22.Rxc1 f5
23.Bh3 Rf7 24.a3 Bf8 25.Rc8 Kg7 26.Re8 Bd6 27.Kc1 fxe4 28.fxe4 Ne2+ 29.Kd2 Nf4
30.Nxf4 Rxf4 31.Re6 Rf6 32.Rxf6 Kxf6 33.Kd3 Kg5 34.Kc4 Kf4 35.Kd5 Bc7 36.Bc8 b6
37.Be6 g5 38.Kc6 Bd8 39.Bf5 h5 40.Kd7 Bf6 41.Ke6 Bh8 42.g3+ Kf3 43.Bg6 h4
44.gxh4 gxh4 45.h3 Kg3 46.Bf5 Bg7 47.Kd5 Bh6 48.b4 Kf4 49.Kc6 Bf8 50.Kb5  1/2-1/2

[Event "40th TCh-GRE 2012"]
[Site "Achaea GRE"]
[Date "2012.06.30"]
[Round "1.13"]
[White "Lirindzakis,T"]
[Black "Kanakaris,G"]
[Result "0-1"]
[WhiteElo "2320"]
[BlackElo "2276"]

1.d4 Nf6 2.c4 g6 3.Nc3 Bg7 4.Nf3 O-O 5.e4 d6 6.Be2 e5 7.d5 a5 8.Bg5 h6 9.Bh4 Na6
10.Nd2 Qe8 11.O-O Nh7 12.a3 h5 13.f3 Bh6 14.Bf2 Bd7 15.b3 Qe7 16.Rb1 Qg5
17.Rb2 Bh3 18.g3 Bxf1 19.Bxf1 f5 20.f4 exf4 21.Nf3 Qe7 22.exf5 fxg3 23.hxg3 Qf6
24.Nd4 Ng5 25.b4 axb4 26.axb4 Rae8 27.Bg2 Bg7 28.Nce2 Ne4 29.Bxe4 Rxe4 30.Rb3 Qe5
31.Qd2 Rxf5 32.Rd3 Nxb4 33.Qxb4 Rxe2 34.Nxe2 Qxe2 35.Qd2 Rxf2  0-1

[Event "40th TCh-GRE 2012"]
[Site "Achaea GRE"]
[Date "2012.07.01"]
[Round "2.1"]
[White "Kouvatsos,F"]
[Black "Pavlidis,Ant"]
[Result "0-1"]
[WhiteElo "2175"]
[BlackElo "2446"]

1.d4 Nf6 2.c4 g6 3.Nc3 Bg7 4.e4 d6 5.Nf3 O-O 6.Be2 Na6 7.O-O e5 8.Be3 c6
9.d5 Ng4 10.Bg5 f6 11.Bh4 c5 12.Ne1 h5 13.Bxg4 Bxg4 14.f3 Bd7 15.Qd2 Kh7
16.Bf2 f5 17.f4 exf4 18.Qxf4 fxe4 19.Qxd6 Bh6 20.Bxc5 Rxf1+ 21.Kxf1 Nxc5
22.Qxc5 Qf6+ 23.Kg1 Rf8 24.Nc2 b6 25.Nxe4 bxc5 26.Nxf6+ Rxf6 27.Re1 Bf5 28.Re7+ Kg8
29.Ne1 Kf8 30.Rxa7 Be3+ 31.Kh1 Be4 32.Nf3 Rxf3  0-1

[Event "7th Wroclaw Open A"]
[Site "Wroclaw POL"]
[Date "2012.07.02"]
[Round "1.18"]
[White "Kaunas,K"]
[Black "Piotrowski,P"]
[Result "1-0"]
[WhiteElo "2247"]
[BlackElo "1933"]

1.d4 Nf6 2.c4 g6 3.Nc3 Bg7 4.e4 d6 5.Nf3 O-O 6.Be2 e5 7.Be3 Nc6 8.d5 Ne7
9.Nd2 Nd7 10.Qc2 f5 11.f3 Nf6 12.O-O-O Bd7 13.Kb1 a6 14.c5 f4 15.Bf2 g5 16.Nc4 Nc8
17.Na5 b6 18.c6 bxa5 19.cxd7 Qxd7 20.Qa4 Qxa4 21.Nxa4 Na7 22.Bxa6 Rfb8 23.Rc1 Ne8
24.h4 Rb4 25.b3 gxh4 26.Rxh4 Nb5 27.Bxb5 Rxb5 28.g3 fxg3 29.Be3 Rab8 30.Rg1 Rb4
31.Kc2 c5 32.dxc6 Rc8 33.Rxg3 Rxc6+ 34.Kd3 Rc7 35.Nc3 Nf6 36.Rh6 Kf7 37.Rxf6+ Bxf6
38.Nd5 Rcb7 39.Nxb4 Rxb4 40.Bd2 Rb5 41.Rh3 Kg6 42.Rh6+ Kg7 43.Rh1 d5 44.Bc3 d4
45.Bd2 Rc5 46.a4 Bd8 47.b4 axb4 48.Bxb4 Rc8 49.a5 Ra8 50.Ra1 Kf6 51.a6 Be7
52.Bxe7+ Kxe7 53.a7 Kd6 54.f4 exf4 55.Kxd4 h5 56.e5+ Kc6 57.Ke4 h4 58.Kxf4 h3
59.Kg3 Kd5 60.Ra5+ Ke4 61.e6  1-0

[Event "Perla Baltyku Open 2012"]
[Site "Lazy POL"]
[Date "2012.07.03"]
[Round "4.2"]
[White "Aliavdin,N"]
[Black "Kanarek,M"]
[Result "0-1"]
[WhiteElo "2382"]
[BlackElo "2484"]

1.d4 Nf6 2.c4 g6 3.Nc3 Bg7 4.e4 d6 5.Nf3 O-O 6.Be2 e5 7.O-O Nbd7 8.Re1 c6
9.Bf1 Qe7 10.Rb1 a5 11.b3 Re8 12.Ba3 Bf8 13.Qc2 Qd8 14.Rbd1 Qc7 15.Qd2 Nh5
16.g3 Ng7 17.Bg2 Ne6 18.d5 Nec5 19.Bh3 Qb6 20.Qe3 Qc7 21.Kg2 Na6 22.dxc6 bxc6
23.Na4 Nb4 24.Rd2 d5 25.cxd5 cxd5 26.Rc1 Qb7 27.Rxc8 Raxc8 28.Bxd7 Qxd7 29.Nb6 Qb7
30.Nxc8 d4 31.Qg5 Rxc8 32.Nxe5 Qxe4+ 33.f3 Qe1 34.Bb2 f6  0-1

[Event "ch-SLO 2012"]
[Site "Ljubljana SLO"]
[Date "2012.07.03"]
[Round "4.4"]
[White "Zorko,Ju"]
[Black "Tomazini,Z"]
[Result "0-1"]
[WhiteElo "2476"]
[BlackElo "2267"]

1.d4 Nf6 2.c4 g6 3.Nc3 Bg7 4.e4 d6 5.Nf3 O-O 6.Be2 Na6 7.O-O e5 8.Be3 Ng4
9.Bg5 Qe8 10.h3 f6 11.Bc1 Nh6 12.Re1 Nf7 13.Bf1 c6 14.dxe5 dxe5 15.a3 Nc5
16.b4 Ne6 17.c5 Nf4 18.Kh2 g5 19.g3 Nxh3 20.Bxh3 g4 21.Nh4 gxh3 22.Nf5 a5
23.Qg4 Bxf5 24.exf5 axb4 25.Qxb4 Qd7 26.Qe4 Ng5 27.Bxg5 fxg5 28.g4 h5 29.Red1 Qe7
30.Rd6 hxg4 31.Kg3 Ra5 32.Rad1 Rxc5 33.Qb4 b6 34.Ne4 Rxf5 35.Qxb6 Rc4 36.Rd7 Qxa3+
37.R1d3 Rf3+ 38.Kxg4 Rxd3 39.Qd8+ Qf8 40.Rxg7+ Kxg7 41.Qxg5+ Kh7 42.Qh5+ Qh6  0-1

[Event "20th Montcada Open"]
[Site "Montcada i Reixac ESP"]
[Date "2012.07.03"]
[Round "9.14"]
[White "Panelo,M"]
[Black "Libiszewski,F"]
[Result "0-1"]
[WhiteElo "2451"]
[BlackElo "2495"]

1.d4 Nf6 2.c4 g6 3.Nc3 Bg7 4.e4 d6 5.Nf3 O-O 6.Be2 e5 7.O-O Nbd7 8.Be3 Qe7
9.dxe5 dxe5 10.Nd5 Qd8 11.Nd2 c6 12.Nxf6+ Bxf6 13.c5 Bg5 14.Bxg5 Qxg5 15.Qc2 Nxc5
16.Qxc5 Qxd2 17.Bc4 Qd4 18.b4 Qxc5 19.bxc5 Rd8 20.f4 Rd4 21.Bb3 Rxe4 22.Rad1 Bg4
23.Rd6 exf4  0-1

[Event "NIKI Open 2012"]
[Site "Nachod CZE"]
[Date "2012.07.03"]
[Round "4.29"]
[White "Vagner,P"]
[Black "Back,T"]
[Result "1/2-1/2"]
[WhiteElo "1734"]
[BlackElo "1920"]

1.d4 Nf6 2.c4 d6 3.Nc3 g6 4.e4 Nbd7 5.Nf3 Bg7 6.Be2 O-O 7.O-O e5 8.dxe5 Nxe5
9.Nxe5 dxe5 10.Qxd8 Rxd8 11.Be3 Be6 12.Rfd1 c6 13.f3 b6 14.Kf2 Bf8 15.a3 Nh5
16.g3 f6 17.Rxd8 Rxd8 18.Rd1 Rxd1 19.Nxd1 Ng7 20.Nc3 Ne8 21.b4 Nc7 22.Ke1 Kf7
23.Kd2 Ke8 24.Kc2 Kd7 25.Kb3 Bf7 26.Kb2 Ne6 27.b5 Nd4  1/2-1/2

[Event "ch-Pan Americano U20 2012"]
[Site "Sao Paulo BRA"]
[Date "2012.07.03"]
[Round "8.10"]
[White "Goncalves,I"]
[Black "Olivares Olivares,C"]
[Result "1-0"]
[WhiteElo "2112"]
[BlackElo "2277"]

1.Nf3 Nf6 2.c4 g6 3.d4 Bg7 4.Nc3 O-O 5.e4 d6 6.Be2 e5 7.Be3 Ng4 8.Bg5 f6
9.Bh4 g5 10.Bg3 Nh6 11.dxe5 fxe5 12.h4 g4 13.Nh2 Qd7 14.Nd5 Nc6 15.Ne3 Nd4
16.Nhxg4 Nxg4 17.Bxg4 Qe7 18.Bxc8 Raxc8 19.Qd3 c6 20.Nc2 Ne6 21.O-O-O Rfd8
22.Kb1 a6 23.Ne3 Nd4 24.Nc2 Ne6 25.Ne3 Nd4 26.Nc2 b5 27.Nxd4 exd4 28.Rc1 Kh8
29.Rhe1 bxc4 30.Rxc4 c5 31.f4 Rb8 32.e5 d5 33.Rc2 Qa7 34.Bf2 Re8 35.h5 Rb5
36.h6 Bxh6 37.f5 Qf7 38.e6 Qf8 39.Rh1 Bg5 40.f6 h6 41.Qg6 d3 42.Qxg5 dxc2+
43.Kc1 Kh7 44.Qf5+ Kh8 45.Qg6  1-0

[Event "40th TCh-GRE 2012"]
[Site "Achaea GRE"]
[Date "2012.07.04"]
[Round "6.12"]
[White "Papadakis,Georgios D."]
[Black "Drakakis,G"]
[Result "1-0"]
[WhiteElo "1563"]
[BlackElo "1744"]

1.d4 Nf6 2.c4 g6 3.Nc3 Bg7 4.e4 d6 5.Nf3 O-O 6.Be2 e5 7.dxe5 dxe5 8.Qxd8 Rxd8
9.Bg5 Re8 10.Nd5 Nxd5 11.cxd5 c6 12.O-O-O cxd5 13.Rxd5 Be6 14.Rb5 f6 15.Be3 b6
16.Kb1 Bf8 17.Rc1 Nd7 18.Bc4 Bxc4 19.Rxc4 Nc5 20.b4 Na4 21.Kc2 Rac8 22.Rxc8 Rxc8+
23.Kb3 Nc3 24.Rd5 Nxd5 25.exd5 Kf7 26.Nd2 Ke8 27.f4 Rd8 28.Ne4 exf4 29.Bxf4 Bg7
30.Kc4 b5+ 31.Kc5 a6 32.Kc6 f5 33.Nd6+ Ke7 34.Nb7 Rc8+ 35.Bc7 Be5 36.d6+  1-0

[Event "Perla Baltyku Open 2012"]
[Site "Lazy POL"]
[Date "2012.07.04"]
[Round "5.5"]
[White "Harazinska,Ewa"]
[Black "Mista,A"]
[Result "0-1"]
[WhiteElo "1933"]
[BlackElo "2538"]

1.d4 Nf6 2.c4 g6 3.Nc3 Bg7 4.e4 d6 5.Nf3 O-O 6.Be2 Nbd7 7.O-O e5 8.Be3 Re8
9.d5 Ng4 10.Bg5 f6 11.Bc1 Nh6 12.Qc2 a5 13.Na4 Nc5 14.Nxc5 dxc5 15.Rd1 Nf7
16.Be3 b6 17.Nd2 f5 18.f3 f4 19.Bf2 g5 20.a3 a4 21.b4 axb3 22.Qxb3 Bd7 23.a4 Ra5
24.Nb1 h5 25.Be1 Ra6 26.a5 g4 27.Nc3 bxa5 28.Nb5 Rg6 29.Qc2 g3 30.h3 Ng5
31.Bf1 Bxh3 32.d6 c6 33.d7 Bxd7 34.Nd6 Ne6  0-1

[Event "ch-BEL Experts 2012"]
[Site "Lommel BEL"]
[Date "2012.07.04"]
[Round "5.1"]
[White "Malakhatko,V"]
[Black "Popovic,Pe"]
[Result "0-1"]
[WhiteElo "2526"]
[BlackElo "2481"]

1.Nf3 Nf6 2.c4 g6 3.Nc3 Bg7 4.e4 d6 5.d4 O-O 6.Be2 e5 7.O-O c6 8.d5 Na6 9.Ne1 cxd5
10.cxd5 Ne8 11.Be3 f5 12.f3 fxe4 13.fxe4 Rxf1+ 14.Kxf1 Nf6 15.Nd3 Bd7 16.Kg1 h5
17.h3 Nh7 18.a4 Nc7 19.Qb3 b6 20.a5 bxa5 21.Rxa5 a6 22.Qb6 Bf8 23.Ra1 Rb8
24.Qa5 Rb7 25.Kh2 Nf6 26.b4 Ng4+ 27.hxg4 Qh4+ 28.Kg1 hxg4 29.Ne1 Nb5 30.Nxb5 Bxb5
31.Bxb5 axb5 32.Qa6 Rf7 33.Qc8 Kh7 34.g3 Qxg3+ 35.Ng2 Qf3 36.Qc2 g3 37.Qd3 Qh5  0-1

[Event "40th TCh-GRE 2012"]
[Site "Achaea GRE"]
[Date "2012.07.05"]
[Round "7.7"]
[White "Zeppos,P"]
[Black "Gouloutis,N"]
[Result "1/2-1/2"]
[WhiteElo "2004"]
[BlackElo "1801"]

1.d4 Nf6 2.c4 g6 3.Nc3 Bg7 4.e4 d6 5.Nf3 O-O 6.Be2 e5 7.O-O Nbd7 8.Re1 Re8
9.Bf1 c6 10.d5 cxd5 11.cxd5 a5 12.Bb5 Rf8 13.a3 Nc5 14.Rb1 Qb6 15.Be3 Ng4
16.Bxc5 Qxc5 17.Qe2 f5 18.Rbc1 Qb6 19.Bd3 Bd7 20.h3 Nf6 21.Ng5 Bh6 22.h4 fxe4
23.Ncxe4 Nxe4 24.Bxe4 Rf4 25.g3 Rg4 26.Kg2 Bxg5 27.hxg5 Rxg5 28.Rc2 Bf5 29.Rc4 Bxe4+
30.Qxe4 Rf5  1/2-1/2

[Event "35th Barbera Open A"]
[Site "Barbera del Valles ESP"]
[Date "2012.07.05"]
[Round "2.18"]
[White "Arjun,B"]
[Black "Cornette,M"]
[Result "0-1"]
[WhiteElo "2250"]
[BlackElo "2567"]

1.Nf3 Nf6 2.c4 g6 3.Nc3 Bg7 4.e4 d6 5.d4 O-O 6.Be2 Nbd7 7.O-O e5 8.Be3 Qe7
9.Qc2 c6 10.dxe5 dxe5 11.h3 Nh5 12.g3 Nc5 13.Kg2 Ne6 14.Rad1 Bd7 15.c5 Rad8
16.Qa4 a6 17.Rd6 Nhf4+ 18.gxf4 exf4 19.Bc1 Nxc5 20.Rxd7 Rxd7 21.Qc2 g5 22.b4 Ne6
23.a3 h5 24.e5 g4 25.hxg4 hxg4 26.Rh1 gxf3+ 27.Bxf3 Qg5+ 28.Kf1 Rfd8 29.Qh7+ Kf8
30.Bb2 Qxe5 31.Rh5 Ng5 32.Qc2 Rd2 33.Qb3 Rxf2+  0-1